| 000 | 00769cab a2200205 4500 | ||
|---|---|---|---|
| 001 | ##L135504 | ||
| 008 | 061031n2006 000 0 eng u | ||
| 035 | _a(Sirsi) u135504 | ||
| 041 | 0 | _aeng | |
| 100 | 1 | _aBaker, Matthew | |
| 245 | 0 | 0 | _aInfringement could prove costly |
| 260 | 3 | _c2006 | |
| 490 | 0 |
_aEstates Gazette _v(0643) 28 October 2006, 170-173(4) |
|
| 520 | _aLooks at damages costs and whether they should be assessed on a common law basis according to a claimant's loss or with regard either to a defendant's gain or the sum that a claimant would have accepted to waive the breach of covenant. | ||
| 590 | _aIKA141106 | ||
| 651 | 4 | _aLONDON | |
| 690 | _aPROPERTY-COMMERCIAL PROPERTY-COMMERCIAL PROPERTY MARKET | ||
| 700 | 1 | _aShaw, Keith | |
| 942 | _n0 | ||
| 999 |
_c77915 _d77915 |
||